Statistics for Literature by Letter - K

Click here to take the quiz!

General Stats

  • This quiz has been taken 9,765 times
    (9,743 since last reset)
  • The average score is 12 of 20

Answer Stats

HintAnswer% Correct
Arthur, Lear, or Joffrey, e.g.King
94%
Anna's surname in the Tolstoy novel about her lifeKarenina
84%
Author of "The Jungle Book" and "The White Man's Burden"Rudyard Kipling
84%
Khaled Hosseini novel about a boy living in Kabul{Kite} Runner, The
81%
Protagonist of "The Hunger Games" (first name)Katniss
80%
Quote from Cain in the book of Genesis: Am I my brother's ______?Keeper
78%
Winnie the Pooh's friend; mother of RooKanga
77%
Legendary, tentacled sea creature that was first mentioned in Old Norse sagasKraken
75%
City in which "Memoirs of a Geisha" was setKyoto
74%
Czech author of "The Metamorphosis"Franz Kafka
66%
Author of the Beat generation classic "On the Road"Jack Kerouac
60%
"Ode on a Grecian Urn" poet who died at 25John Keats
59%
Titular brothers of Dostoyevsky's last novelKaramazov
53%
The "shrew" in "The Taming of the Shrew"Katherina
51%
The protagonist of "Roots" by Alex HaleyKunta Kinte
48%
This American politician won a Pulitzer for "Profiles in Courage",
but he might not have been the author
John F. Kennedy
46%
Another book by the above, about an orphan boy on the subcontinentKim
36%
Japanese writing system that uses Chinese charactersKanji
35%
Author of "One Flew Over the Cuckoo's Nest"Ken Kesey
35%
Ivory trader who went mad in "Heart of Darkness"Kurtz
33%

Score Distribution

Percentile by Number Answered

Percent of People with Each Score

Your Score History

You have not taken this quiz since the last reset